Tötungsdelikte an Neugeborenen und älteren Kindern zwischen 1969 und 1982: (eine Studie für die Aachener Region)
| Main Author: | |
|---|---|
| Format: | Print Book |
| Language: | German |
| Published: |
1984
|
| In: | Year: 1984 |
| Availability in Tübingen: | Present in Tübingen. IFK: C III 91 UB: US 85.4111 |
| Check availability: | HBZ Gateway |
| Subito Delivery Service: | Order now. |
| Keywords: |
MARC
| LEADER | 00000cam a22000002c 4500 | ||
|---|---|---|---|
| 001 | 1100205039 | ||
| 003 | DE-627 | ||
| 005 | 20220610121014.0 | ||
| 007 | tu | ||
| 008 | 921009s1984 xx ||||| m 00| ||ger c | ||
| 024 | 8 | |a 017710 |q Sonstige Nr. | |
| 035 | |a (DE-627)1100205039 | ||
| 035 | |a (DE-576)030205034 | ||
| 035 | |a (DE-599)BSZ030205034 | ||
| 035 | |a (OCoLC)311400224 | ||
| 035 | |a (DE-604)8053102320 | ||
| 040 | |a DE-627 |b ger |c DE-627 |e rakwb | ||
| 041 | |a ger | ||
| 100 | 1 | |a Wandiger, Udo |4 aut | |
| 245 | 1 | 0 | |a Tötungsdelikte an Neugeborenen und älteren Kindern zwischen 1969 und 1982 |b (eine Studie für die Aachener Region) |c Udo Wandiger |
| 264 | 1 | |c 1984 | |
| 300 | |a 80 S. | ||
| 336 | |a Text |b txt |2 rdacontent | ||
| 337 | |a ohne Hilfsmittel zu benutzen |b n |2 rdamedia | ||
| 338 | |a Band |b nc |2 rdacarrier | ||
| 502 | |a Aachen, Techn.Hochsch., Med.Fak., Diss., 1984 | ||
| 583 | 1 | |a Archivierung prüfen |c 20200919 |f DE-640 |z 2 |2 pdager | |
| 655 | 7 | |a Hochschulschrift |0 (DE-588)4113937-9 |0 (DE-627)105825778 |0 (DE-576)209480580 |2 gnd-content | |
| 689 | 0 | 0 | |d g |0 (DE-588)4000003-5 |0 (DE-627)10640251X |0 (DE-576)208836500 |a Aachen |2 gnd |
| 689 | 0 | 1 | |d s |0 (DE-588)4163869-4 |0 (DE-627)10481912X |0 (DE-576)209884401 |a Kindesmord |2 gnd |
| 689 | 0 | 2 | |a z |2 gnd |a Geschichte 1969-1982 |
| 689 | 0 | |5 (DE-627) | |
| 689 | 1 | 0 | |d g |0 (DE-588)4000003-5 |0 (DE-627)10640251X |0 (DE-576)208836500 |a Aachen |2 gnd |
| 689 | 1 | 1 | |d s |0 (DE-588)4030652-5 |0 (DE-627)10626916X |0 (DE-576)208988491 |a Kindestötung |2 gnd |
| 689 | 1 | 2 | |a z |2 gnd |a Geschichte 1969-1982 |
| 689 | 1 | |5 (DE-627) | |
| 751 | |a Aachen |0 (DE-588)4000003-5 |0 (DE-627)10640251X |0 (DE-576)208836500 |4 uvp | ||
| 951 | |a BO | ||
| ELC | |b 1 | ||
| LOK | |0 000 xxxxxcx a22 zn 4500 | ||
| LOK | |0 001 2193534799 | ||
| LOK | |0 003 DE-627 | ||
| LOK | |0 004 1100205039 | ||
| LOK | |0 005 20150130121745 | ||
| LOK | |0 008 921009||||||||||||||||ger||||||| | ||
| LOK | |0 040 |a DE-21 |c DE-627 |d DE-21 | ||
| LOK | |0 852 |a DE-21 | ||
| LOK | |0 852 1 |c US 85.4111 |9 00 | ||
| LOK | |0 935 |a kram |a kodi |a krim | ||
| LOK | |0 939 |a 09-10-92 |b l01 | ||
| LOK | |0 000 xxxxxcx a22 zn 4500 | ||
| LOK | |0 001 2193534802 | ||
| LOK | |0 003 DE-627 | ||
| LOK | |0 004 1100205039 | ||
| LOK | |0 005 20140825145614 | ||
| LOK | |0 008 930921||||||||||||||||ger||||||| | ||
| LOK | |0 040 |a DE-21-110 |c DE-627 |d DE-21-110 | ||
| LOK | |0 689 |a s |a Tötungsdelikte | ||
| LOK | |0 689 |a s |a Neugeborene | ||
| LOK | |0 852 |a DE-21-110 | ||
| LOK | |0 852 1 |c C III 91 |m p |9 00 | ||
| LOK | |0 935 |a k110 | ||
| LOK | |0 936ln |a 10.9 | ||
| LOK | |0 938 |k p | ||
| LOK | |0 939 |a 21-09-93 |b l01 | ||
| ORI | |a SA-MARC-krimdoka001.raw | ||
| SIG | |a IFK: C III 91 | ||
| SIG | |a UB: US 85.4111 | ||
| TIM | |a 100019690101_100019821231 |b Geschichte 1969-1982 | ||
